[Event "VII Famalicao Open 2019"]
[Site "Famalicao"]
[Date "2019.07.29"]
[Round "2.7"]
[White "Campora, Daniel H."]
[Black "Ribeiro, Bruno"]
[Result "1-0"]
[WhiteElo "2420"]
[BlackElo "2102"]
[Annotator "NA"]
[PlyCount "119"]
[EventDate "2019.07.28"]
[EventType "swiss"]
[EventCountry "POR"]
[SourceTitle "playchess.com"]
[Source "ChessBase"]
[SourceQuality "1"]
[TimeControl "5400+30"]

1. e4 {[%emt 0:00:00]} c5 {[%emt 0:01:43]} 2. Nf3 {[%emt 0:00:00]} d6 {[%emt 0:00:11]} 3. c3 {[%emt 0:00:03]} Nf6 {[%emt 0:01:02]} 4. Bd3 {[%emt 0:00:07]} Bg4 {[%emt 0:01:58]} 5. O-O {[%emt 0:00:59]} Nc6 {[%emt 0:00:22]} 6. h3 {[%emt 0:00:10]} Bh5 {[%emt 0:01:11]} 7. Re1 {[%emt 0:00:07]} e6 {[%emt 0:01:41]} 8. Bf1 {[%emt 0:01:04]} Be7 {[%emt 0:03:16]} 9. d3 {[%emt 0:00:29]} O-O {[%emt 0:00:55]} 10. Nbd2 {[%emt 0:00:41]} a6 {[%emt 0:03:02]} 11. g4 {[%emt 0:03:28]} Bg6 {[%emt 0:00:27]} 12. Nh4 {[%emt 0:00:17]} d5 {[%emt 0:08:18]} 13. f4 {[%emt 0:08:48]} dxe4 14. dxe4 {[%emt 0:07:08]} Nd7 {[%emt 0:32:44]} 15. Nxg6 {[%emt 0:12:35]} hxg6 {[%emt 0:00:21]} 16. Nf3 {[%emt 0:00:53]} b5 {[%emt 0:04:49]} 17. Be3 {[%emt 0:09:16]} c4 {[%emt 0:02:39]} 18. Qc2 {[%emt 0:05:23]} Qc7 {[%emt 0:01:06]} 19. Qf2 {[%emt 0:02:06]} Na5 {[%emt 0:03:16]} 20. e5 {[%emt 0:01:52]} Nc5 {[%emt 0:03:45]} 21. Bd4 {[%emt 0:01:14]} Nab7 {[%emt 0:02:47]} 22. Re3 {[%emt 0:02:34]} Nd7 {[%emt 0:04:59]} 23. Rae1 {[%emt 0:01:24]} Nbc5 {[%emt 0:00:46]} 24. Ng5 {[%emt 0:14:07]} Nb6 {[%emt 0:06:00]} 25. Rf3 {[%emt 0:03:13]} Nd5 {[%emt 0:01:22]} 26. Qh4 {[%emt 0:06:01]} Bxg5 {[%emt 0:00:35]} 27. Qxg5 {[%emt 0:00:27]} Rac8 {[%emt 0:00:46]} 28. Qh4 {[%emt 0:05:01]} Qe7 {[%emt 0:04:46]} 29. Qf2 {[%emt 0:00:49]} Rc7 {[%emt 0:01:16]} 30. g5 {[%emt 0:04:11]} Rfc8 {[%emt 0:02:10]} 31. h4 {[%emt 0:00:26]} Qe8 {[%emt 0:00:37]} 32. Rh3 {[%emt 0:02:31]} Ne7 {[%emt 0:02:11]} 33. Bxc5 {[%emt 0:01:29]} Rxc5 {[%emt 0:00:09]} 34. Bg2 {[%emt 0:00:22]} R5c7 {[%emt 0:01:08]} 35. Be4 {[%emt 0:01:27]} Qd7 {[%emt 0:01:14]} 36. h5 {[%emt 0:02:54]} Rd8 {[%emt 0:00:18]} 37. h6 {[%emt 0:01:30]} Qd2 {[%emt 0:00:23]} 38. hxg7 {[%emt 0:00:42]} Qxf2+ {[%emt 0:00:27]} 39. Kxf2 {[%emt 0:00:07]} Kxg7 {[%emt 0:00:27]} 40. Reh1 {[%emt 0:00:18]} Rcd7 {[%emt 0:03:06]} 41. Rh7+ {[%emt 0:00:39]} Kf8 {[%emt 0:00:05]} 42. Rh8+ {[%emt 0:00:22]} Ng8 {[%emt 0:00:05]} 43. Ke3 {[%emt 0:00:19]} Rd2 {[%emt 0:01:12]} 44. R8h2 {[%emt 0:00:22]} Rxh2 {[%emt 0:00:39]} 45. Rxh2 {[%emt 0:00:11]} Ne7 {[%emt 0:00:47]} 46. Rh8+ {[%emt 0:00:54]} Ng8 {[%emt 0:00:05]} 47. Ke2 {[%emt 0:01:55]} Kg7 {[%emt 0:00:37]} 48. Rh1 {[%emt 0:00:25]} Ne7 {[%emt 0:00:25]} 49. Ra1 {[%emt 0:00:47]} Nd5 {[%emt 0:00:14]} 50. Bxd5 {[%emt 0:00:28]} exd5 {[%emt 0:00:40]} 51. Ke3 {[%emt 0:00:50]} Kf8 {[%emt 0:00:39]} 52. Kd4 {[%emt 0:00:31]} Ke7 {[%emt 0:00:05]} 53. a4 {[%emt 0:00:06]} Ke6 {[%emt 0:00:22]} 54. axb5 {[%emt 0:00:06]} axb5 {[%emt 0:00:12]} 55. Ra6+ {[%emt 0:00:05]} Ke7 {[%emt 0:00:28]} 56. Rb6 {[%emt 0:00:09]} Rd7 {[%emt 0:00:32]} 57. Rxb5 {[%emt 0:00:14]} Ke6 {[%emt 0:00:07]} 58. Rb6+ {[%emt 0:00:12]} Ke7 {[%emt 0:00:10]} 59. Kc5 {[%emt 0:00:19]} Rd8 {[%emt 0:00:49]} 60. Rd6 {[%emt 0:00:46]} 1-0

[Event "VII Famalicao Open 2019"]
[Site "Famalicao"]
[Date "2019.07.29"]
[Round "2.8"]
[White "Martins, Diogo Faria Oliveira"]
[Black "Cori T., Deysi"]
[Result "0-1"]
[WhiteElo "1984"]
[BlackElo "2405"]
[Annotator "NA"]
[PlyCount "106"]
[EventDate "2019.07.28"]
[EventType "swiss"]
[EventCountry "POR"]
[SourceTitle "playchess.com"]
[Source "ChessBase"]
[SourceQuality "1"]
[TimeControl "5400+30"]

1. e4 {[%emt 0:13:32]} c5 {[%emt 0:00:00]} 2. Nf3 {[%emt 0:00:10]} e6 {[%emt 0:00:00]} 3. d4 {[%emt 0:00:08]} cxd4 {[%emt 0:00:00]} 4. Nxd4 {[%emt 0:00:06]} Nc6 {[%emt 0:00:00]} 5. Nc3 {[%emt 0:00:21]} a6 {[%emt 0:00:00]} 6. g3 {[%emt 0:01:05]} Qc7 {[%emt 0:01:39]} 7. Bg2 {[%emt 0:01:28]} Nf6 {[%emt 0:02:26]} 8. O-O {[%emt 0:00:25]} h6 {[%emt 0:05:40]} 9. Re1 {[%emt 0:05:23]} Nxd4 {[%emt 0:02:37]} 10. Qxd4 {[%emt 0:00:07]} Bc5 {[%emt 0:00:02]} 11. Bf4 {[%emt 0:00:47]} d6 {[%emt 0:00:02]} 12. Qd2 {[%emt 0:00:11]} Ng4 {[%emt 0:06:59]} 13. Nd1 {[%emt 0:12:14]} Ne5 {[%emt 0:01:26]} 14. Bxe5 {[%emt 0:06:48]} dxe5 {[%emt 0:00:07]} 15. c4 {[%emt 0:02:42]} O-O {[%emt 0:02:28]} 16. Ne3 {[%emt 0:02:04]} Bd7 {[%emt 0:03:29]} 17. b4 {[%emt 0:04:23]} Bd4 {[%emt 0:00:12]} 18. Rab1 {[%emt 0:07:16]} Rfd8 {[%emt 0:03:24]} 19. Rec1 {[%emt 0:04:36]} Rac8 {[%emt 0:07:55]} 20. Qe1 {[%emt 0:02:53]} Ba4 {[%emt 0:01:42]} 21. c5 {[%emt 0:09:19]} Bxe3 {[%emt 0:05:04]} 22. Qxe3 {[%emt 0:00:54]} Rd4 {[%emt 0:00:26]} 23. Bf1 {[%emt 0:02:37]} Qc6 {[%emt 0:01:41]} 24. f3 {[%emt 0:01:25]} Rcd8 {[%emt 0:00:26]} 25. Rb2 {[%emt 0:02:29]} Bb5 {[%emt 0:02:05]} 26. Be2 {[%emt 0:02:13]} Bxe2 {[%emt 0:00:19]} 27. Qxe2 {[%emt 0:00:05]} Qa4 {[%emt 0:01:37]} 28. b5 {[%emt 0:02:38]} axb5 {[%emt 0:34:46]} 29. Qxb5 {[%emt 0:00:11]} Qa3 {[%emt 0:00:08]} 30. Qb3 {[%emt 0:01:08]} Qa6 {[%emt 0:00:36]} 31. Qb5 {[%emt 0:01:59]} Qa3 {[%emt 0:00:15]} 32. Qb3 {[%emt 0:00:23]} Qa5 {[%emt 0:00:05]} 33. Qb5 {[%emt 0:04:00]} Rd1+ {[%emt 0:07:25]} 34. Rxd1 {[%emt 0:00:22]} Rxd1+ {[%emt 0:00:02]} 35. Kg2 {[%emt 0:00:12]} Qc3 {[%emt 0:05:53]} 36. Qe2 {[%emt 0:01:01]} Rc1 {[%emt 0:00:29]} 37. Qf2 {[%emt 0:01:02]} h5 {[%emt 0:03:30]} 38. Kh3 {[%emt 0:02:02]} g5 {[%emt 0:00:15]} 39. Qd2 {[%emt 0:04:19]} Qxd2 {[%emt 0:01:04]} 40. Rxd2 {[%emt 0:00:02]} Rxc5 {[%emt 0:00:06]} 41. Rb2 {[%emt 0:00:27]} Ra5 {[%emt 0:01:37]} 42. Rxb7 {[%emt 0:01:20]} Rxa2 {[%emt 0:00:07]} 43. Rb5 {[%emt 0:00:08]} f6 {[%emt 0:00:48]} 44. Rb8+ {[%emt 0:00:24]} Kf7 {[%emt 0:00:01]} 45. Rb7+ {[%emt 0:00:01]} Kg6 {[%emt 0:00:27]} 46. Rb3 {[%emt 0:00:50]} Rf2 {[%emt 0:00:44]} 47. Ra3 {[%emt 0:00:29]} Rxf3 {[%emt 0:02:06]} 48. Rxf3 {[%emt 0:00:11]} g4+ {[%emt 0:00:01]} 49. Kg2 {[%emt 0:00:02]} gxf3+ {[%emt 0:00:05]} 50. Kxf3 {[%emt 0:00:07]} f5 {[%emt 0:00:14]} 51. h4 {[%emt 0:03:35]} fxe4+ {[%emt 0:01:54]} 52. Kxe4 {[%emt 0:00:18]} Kf6 {[%emt 0:00:01]} 53. g4 {[%emt 0:02:02]} hxg4 {[%emt 0:00:11]} 0-1

[Event "VII Famalicao Open 2019"]
[Site "Famalicao"]
[Date "2019.07.29"]
[Round "2.9"]
[White "Vassallo Barroche, Mauricio"]
[Black "Da Silva, Tiago Henrique Amaro"]
[Result "1-0"]
[WhiteElo "2380"]
[BlackElo "2080"]
[Annotator "NA"]
[PlyCount "57"]
[EventDate "2019.07.28"]
[EventType "swiss"]
[EventCountry "POR"]
[SourceTitle "playchess.com"]
[Source "ChessBase"]
[SourceQuality "1"]
[TimeControl "5400+30"]

1. Nf3 {[%emt 0:00:09]} Nf6 {[%emt 0:00:00]} 2. c4 {[%emt 0:00:13]} c5 {[%emt 0:00:53]} 3. g3 {[%emt 0:00:27]} g6 {[%emt 0:01:20]} 4. Bg2 {[%emt 0:00:25]} Bg7 {[%emt 0:00:41]} 5. O-O {[%emt 0:00:34]} O-O {[%emt 0:01:11]} 6. d4 {[%emt 0:00:06]} d6 {[%emt 0:10:16]} 7. Nc3 {[%emt 0:01:25]} a6 {[%emt 0:06:42]} 8. b3 {[%emt 0:00:18]} Qc7 {[%emt 0:01:54]} 9. Bb2 {[%emt 0:01:14]} Nbd7 {[%emt 0:02:42]} 10. Rc1 {[%emt 0:07:50]} Rb8 {[%emt 0:08:12]} 11. Qd2 {[%emt 0:01:23]} b6 {[%emt 0:04:18]} 12. h3 {[%emt 0:10:00]} e6 {[%emt 0:17:51]} 13. e4 {[%emt 0:04:56]} e5 {[%emt 0:04:42]} 14. dxe5 {[%emt 0:03:38]} dxe5 {[%emt 0:01:25]} 15. Rfd1 {[%emt 0:00:36]} Bb7 {[%emt 0:01:46]} 16. Qe2 {[%emt 0:00:09]} Rfd8 {[%emt 0:02:53]} 17. Nd5 {[%emt 0:00:43]} Nxd5 {[%emt 0:01:27]} 18. cxd5 {[%emt 0:00:14]} Qd6 {[%emt 0:01:25]} 19. h4 {[%emt 0:01:53]} Re8 {[%emt 0:06:28]} 20. Nd2 {[%emt 0:07:21]} b5 {[%emt 0:01:53]} 21. Ba3 {[%emt 0:00:08]} Rbc8 {[%emt 0:01:55]} 22. Bh3 {[%emt 0:00:18]} Re7 {[%emt 0:01:49]} 23. Qe3 {[%emt 0:02:06]} Bf8 {[%emt 0:01:30]} 24. Rc2 {[%emt 0:00:41]} Kg7 {[%emt 0:03:05]} 25. h5 {[%emt 0:01:49]} Rc7 {[%emt 0:02:19]} 26. hxg6 {[%emt 0:00:50]} hxg6 {[%emt 0:00:53]} 27. Nf3 {[%emt 0:00:42]} f6 {[%emt 0:02:05]} 28. Ne1 {[%emt 0:01:59]} b4 {[%emt 0:00:42]} 29. Bxb4 {[%emt 0:00:27]} 1-0

[Event "VII Famalicao Open 2019"]
[Site "Famalicao"]
[Date "2019.07.29"]
[Round "2.10"]
[White "Dumont, Andre"]
[Black "Fernandes, Antonio"]
[Result "0-1"]
[WhiteElo "1948"]
[BlackElo "2376"]
[Annotator "NA"]
[PlyCount "52"]
[EventDate "2019.07.28"]
[EventType "swiss"]
[EventCountry "POR"]
[SourceTitle "playchess.com"]
[Source "ChessBase"]
[SourceQuality "1"]
[TimeControl "5400+30"]

1. Nf3 Nf6 {[%emt 0:03:08]} 2. b3 {[%emt 0:00:00]} g6 {[%emt 0:02:12]} 3. Bb2 {[%emt 0:00:00]} Bg7 {[%emt 0:00:01]} 4. e3 {[%emt 0:00:00]} O-O {[%emt 0:00:09]} 5. Be2 {[%emt 0:00:06]} c5 {[%emt 0:00:52]} 6. O-O {[%emt 0:02:27]} b6 {[%emt 0:00:53]} 7. d4 {[%emt 0:00:35]} Bb7 {[%emt 0:00:13]} 8. Ne5 {[%emt 0:05:23]} cxd4 9. exd4 {[%emt 0:01:00]} d6 {[%emt 0:09:01]} 10. Bf3 {[%emt 0:02:33]} Qc7 {[%emt 0:03:22]} 11. Bxb7 {[%emt 0:03:47]} Qxb7 {[%emt 0:00:02]} 12. Qf3 {[%emt 0:05:02]} Qxf3 13. Nxf3 {[%emt 0:00:02]} Nc6 {[%emt 0:08:16]} 14. Nbd2 {[%emt 0:00:57]} Nb4 {[%emt 0:06:16]} 15. a3 {[%emt 0:01:40]} Nxc2 {[%emt 0:05:45]} 16. Rac1 {[%emt 0:00:01]} Rfc8 {[%emt 0:00:22]} 17. Nc4 {[%emt 0:01:02]} b5 {[%emt 0:00:39]} 18. Rxc2 {[%emt 0:01:43]} bxc4 {[%emt 0:00:03]} 19. bxc4 {[%emt 0:08:17]} Rab8 {[%emt 0:00:55]} 20. Bc1 {[%emt 0:19:45]} Rb3 {[%emt 0:15:14]} 21. Re1 {[%emt 0:03:13]} Kf8 {[%emt 0:01:26]} 22. Ree2 {[%emt 0:00:39]} Nd7 {[%emt 0:05:40]} 23. Re3 {[%emt 0:01:16]} Rb1 {[%emt 0:02:07]} 24. Nd2 {[%emt 0:00:10]} Rb6 {[%emt 0:01:12]} 25. c5 {[%emt 0:21:51]} Bxd4 {[%emt 0:04:06]} 26. Rxe7 {[%emt 0:02:18]} Kxe7 {[%emt 0:00:30]} 0-1

[Event "VII Famalicao Open 2019"]
[Site "Famalicao"]
[Date "2019.07.29"]
[Round "2.11"]
[White "Forgas Moreno, Yaniela"]
[Black "Gomes, Rui Pedro"]
[Result "1-0"]
[WhiteElo "2272"]
[BlackElo "1762"]
[Annotator "NA"]
[PlyCount "23"]
[EventDate "2019.07.28"]
[EventType "swiss"]
[EventCountry "POR"]
[SourceTitle "playchess.com"]
[Source "ChessBase"]
[SourceQuality "1"]
[TimeControl "5400+30"]

1. e4 {[%emt 0:08:03]} c6 {[%emt 0:00:00]} 2. d4 {[%emt 0:00:11]} d5 {[%emt 0:00:00]} 3. exd5 {[%emt 0:00:09]} cxd5 {[%emt 0:00:06]} 4. c4 {[%emt 0:00:11]} Nf6 {[%emt 0:02:03]} 5. Nc3 {[%emt 0:00:09]} g6 {[%emt 0:01:14]} 6. cxd5 {[%emt 0:00:27]} Bg7 {[%emt 0:00:48]} 7. Qb3 {[%emt 0:04:28]} O-O {[%emt 0:03:29]} 8. Nge2 {[%emt 0:04:24]} b6 {[%emt 0:13:21]} 9. g3 {[%emt 0:03:04]} Bb7 {[%emt 0:05:26]} 10. Bg2 {[%emt 0:00:08]} Na6 {[%emt 0:02:39]} 11. O-O {[%emt 0:02:22]} Nc7 {[%emt 0:05:16]} 12. d6 {[%emt 0:00:26]} 1-0

[Event "VII Famalicao Open 2019"]
[Site "Famalicao"]
[Date "2019.07.29"]
[Round "2.12"]
[White "Monteiro, Jose Macedo"]
[Black "Fidalgo, Andre Neves"]
[Result "0-1"]
[WhiteElo "1851"]
[BlackElo "2262"]
[Annotator "NA"]
[PlyCount "112"]
[EventDate "2019.07.28"]
[EventType "swiss"]
[EventCountry "POR"]
[SourceTitle "playchess.com"]
[Source "ChessBase"]
[SourceQuality "1"]
[TimeControl "5400+30"]

1. e4 {[%emt 0:03:08]} c5 {[%emt 0:00:00]} 2. Nc3 {[%emt 0:00:40]} Nc6 {[%emt 0:00:21]} 3. Bb5 {[%emt 0:00:08]} Nd4 {[%emt 0:00:06]} 4. Nge2 {[%emt 0:00:07]} Nxb5 {[%emt 0:01:32]} 5. Nxb5 {[%emt 0:00:08]} a6 {[%emt 0:00:26]} 6. Nbc3 {[%emt 0:00:03]} e6 {[%emt 0:00:07]} 7. d4 {[%emt 0:00:09]} cxd4 {[%emt 0:00:40]} 8. Qxd4 {[%emt 0:00:10]} Ne7 {[%emt 0:01:23]} 9. Be3 {[%emt 0:00:32]} Nc6 {[%emt 0:00:25]} 10. Qd2 {[%emt 0:00:25]} b5 {[%emt 0:01:02]} 11. O-O-O {[%emt 0:00:33]} Be7 {[%emt 0:00:24]} 12. f4 {[%emt 0:00:51]} Qa5 {[%emt 0:01:07]} 13. Nd4 {[%emt 0:05:30]} b4 {[%emt 0:04:46]} 14. Nxc6 {[%emt 0:00:21]} dxc6 {[%emt 0:00:10]} 15. Nb1 {[%emt 0:01:29]} O-O {[%emt 0:00:42]} 16. a3 {[%emt 0:02:14]} c5 {[%emt 0:00:44]} 17. axb4 {[%emt 0:00:32]} cxb4 {[%emt 0:00:17]} 18. Rhf1 {[%emt 0:05:34]} Re8 {[%emt 0:04:11]} 19. Bd4 {[%emt 0:02:48]} Bb7 {[%emt 0:02:29]} 20. Qe3 {[%emt 0:02:56]} Bf8 {[%emt 0:02:39]} 21. g4 {[%emt 0:05:22]} Qb5 {[%emt 0:10:56]} 22. h4 {[%emt 0:07:24]} a5 {[%emt 0:02:44]} 23. h5 {[%emt 0:02:54]} a4 {[%emt 0:00:30]} 24. h6 {[%emt 0:00:22]} g6 {[%emt 0:03:30]} 25. g5 {[%emt 0:13:10]} a3 {[%emt 0:02:12]} 26. bxa3 {[%emt 0:03:28]} bxa3 {[%emt 0:00:16]} 27. Nc3 {[%emt 0:00:08]} Qc4 {[%emt 0:01:30]} 28. Qd3 {[%emt 0:14:03]} Ba6 {[%emt 0:01:16]} 29. Qxc4 {[%emt 0:11:53]} Bxc4 {[%emt 0:00:11]} 30. Rfe1 {[%emt 0:00:16]} Reb8 {[%emt 0:01:59]} 31. Kd2 {[%emt 0:02:48]} Rd8 {[%emt 0:05:37]} 32. Ke3 {[%emt 0:00:31]} a2 {[%emt 0:00:20]} 33. Ra1 {[%emt 0:05:00]} Ra3 {[%emt 0:01:09]} 34. Bf6 {[%emt 0:01:35]} Rc8 {[%emt 0:16:27]} 35. Kd2 {[%emt 0:01:25]} Bb4 {[%emt 0:00:38]} 36. Re3 {[%emt 0:00:17]} Ba6 {[%emt 0:05:12]} 37. f5 {[%emt 0:03:50]} Bb7 {[%emt 0:02:04]} 38. fxe6 {[%emt 0:00:58]} fxe6 {[%emt 0:00:06]} 39. Rd3 {[%emt 0:03:54]} Bxe4 {[%emt 0:01:08]} 40. Rd7 {[%emt 0:00:49]} Bxc3+ {[%emt 0:10:54]} 41. Bxc3 {[%emt 0:00:08]} Raxc3 {[%emt 0:00:05]} 42. Rg7+ {[%emt 0:00:09]} Kh8 {[%emt 0:00:07]} 43. Rxa2 {[%emt 0:00:04]} Rxc2+ {[%emt 0:00:04]} 44. Rxc2 {[%emt 0:00:08]} Bxc2 {[%emt 0:00:04]} 45. Re7 {[%emt 0:00:12]} Bf5 {[%emt 0:01:39]} 46. Ke3 {[%emt 0:00:08]} e5 {[%emt 0:01:43]} 47. Rxe5 {[%emt 0:00:16]} Bd7 {[%emt 0:00:08]} 48. Rd5 {[%emt 0:01:33]} Re8+ {[%emt 0:00:15]} 49. Kd4 {[%emt 0:00:20]} Re7 {[%emt 0:00:48]} 50. Rc5 {[%emt 0:01:04]} Kg8 {[%emt 0:00:12]} 51. Kd5 {[%emt 0:00:06]} Kf7 {[%emt 0:00:08]} 52. Kd6 {[%emt 0:00:16]} Be8 {[%emt 0:02:04]} 53. Rc2 {[%emt 0:00:43]} Rd7+ {[%emt 0:00:23]} 54. Ke5 {[%emt 0:00:16]} Ke7 {[%emt 0:00:05]} 55. Rc8 {[%emt 0:00:26]} Rb7 {[%emt 0:00:07]} 56. Rc5 {[%emt 0:00:08]} Rb5 0-1

[Event "VII Famalicao Open 2019"]
[Site "Famalicao"]
[Date "2019.07.29"]
[Round "2.13"]
[White "Rego, Pedro Filipe"]
[Black "De Souza Monteiro, Marcos Paulo"]
[Result "1-0"]
[WhiteElo "2249"]
[BlackElo "1953"]
[Annotator "NA"]
[PlyCount "47"]
[EventDate "2019.07.28"]
[EventType "swiss"]
[EventCountry "POR"]
[SourceTitle "playchess.com"]
[Source "ChessBase"]
[SourceQuality "1"]
[TimeControl "5400+30"]

1. g3 {[%emt 0:00:00]} Nf6 {[%emt 0:00:00]} 2. c4 {[%emt 0:00:00]} c5 {[%emt 0:00:00]} 3. Bg2 {[%emt 0:00:00]} g6 {[%emt 0:00:06]} 4. Nc3 {[%emt 0:00:00]} Bg7 {[%emt 0:00:08]} 5. e4 {[%emt 0:00:00]} Nc6 {[%emt 0:00:10]} 6. Nge2 {[%emt 0:00:00]} O-O {[%emt 0:01:08]} 7. d3 {[%emt 0:00:00]} d6 {[%emt 0:00:08]} 8. a3 a6 {[%emt 0:01:46]} 9. Rb1 {[%emt 0:00:30]} Rb8 {[%emt 0:00:43]} 10. b4 {[%emt 0:01:36]} cxb4 {[%emt 0:00:21]} 11. axb4 {[%emt 0:00:05]} b5 {[%emt 0:00:11]} 12. cxb5 {[%emt 0:06:34]} axb5 {[%emt 0:00:07]} 13. O-O {[%emt 0:02:26]} Bg4 {[%emt 0:13:07]} 14. Be3 {[%emt 0:01:55]} Bxe2 {[%emt 0:08:07]} 15. Qxe2 {[%emt 0:00:25]} Ng4 {[%emt 0:01:45]} 16. Qxg4 {[%emt 0:01:48]} Bxc3 {[%emt 0:00:09]} 17. Rfc1 {[%emt 0:01:15]} Ne5 {[%emt 0:00:51]} 18. Qe2 {[%emt 0:00:23]} Rc8 {[%emt 0:06:53]} 19. d4 {[%emt 0:01:16]} Nd7 {[%emt 0:00:30]} 20. Qd3 {[%emt 0:00:56]} Qc7 {[%emt 0:02:14]} 21. Rb3 {[%emt 0:01:07]} Nb6 {[%emt 0:02:03]} 22. Qxb5 {[%emt 0:02:15]} Qc4 {[%emt 0:02:49]} 23. Qxc4 {[%emt 0:00:28]} Rxc4 {[%emt 0:00:05]} 24. Rcxc3 {[%emt 0:00:31]} 1-0

[Event "VII Famalicao Open 2019"]
[Site "Famalicao"]
[Date "2019.07.29"]
[Round "2.14"]
[White "Andrade, Ricardo Sarmento"]
[Black "Leonardo, Joao"]
[Result "0-1"]
[WhiteElo "1744"]
[BlackElo "2227"]
[Annotator "NA"]
[PlyCount "88"]
[EventDate "2019.07.28"]
[EventType "swiss"]
[EventCountry "POR"]
[SourceTitle "playchess.com"]
[Source "ChessBase"]
[SourceQuality "1"]
[TimeControl "5400+30"]

1. d4 {[%emt 0:00:00]} d6 2. Nf3 {[%emt 0:00:08]} Bg4 {[%emt 0:14:52]} 3. e4 {[%emt 0:01:24]} Nf6 {[%emt 0:00:15]} 4. Nc3 {[%emt 0:02:29]} Nc6 {[%emt 0:00:37]} 5. Be3 {[%emt 0:01:49]} e5 {[%emt 0:00:27]} 6. d5 {[%emt 0:00:24]} Nb8 {[%emt 0:00:18]} 7. Be2 {[%emt 0:01:37]} Be7 {[%emt 0:00:06]} 8. Nd2 {[%emt 0:02:09]} Bxe2 {[%emt 0:01:13]} 9. Qxe2 {[%emt 0:00:13]} a6 {[%emt 0:00:08]} 10. O-O {[%emt 0:00:28]} O-O {[%emt 0:00:22]} 11. f4 exf4 {[%emt 0:00:07]} 12. Bxf4 {[%emt 0:01:26]} Nbd7 13. Nc4 {[%emt 0:04:52]} Re8 {[%emt 0:01:32]} 14. Rae1 {[%emt 0:02:07]} Bf8 {[%emt 0:00:24]} 15. Qf3 {[%emt 0:02:20]} Ne5 {[%emt 0:03:44]} 16. Nxe5 {[%emt 0:00:13]} dxe5 17. Bg5 {[%emt 0:07:59]} Be7 {[%emt 0:00:06]} 18. Bxf6 {[%emt 0:00:30]} Bxf6 {[%emt 0:00:22]} 19. Nd1 {[%emt 0:00:56]} Rf8 {[%emt 0:02:56]} 20. Ne3 {[%emt 0:01:03]} Bg5 {[%emt 0:01:33]} 21. Nf5 {[%emt 0:03:07]} g6 {[%emt 0:00:29]} 22. Ne3 {[%emt 0:03:30]} Qe7 {[%emt 0:01:31]} 23. g3 {[%emt 0:01:02]} h5 {[%emt 0:00:29]} 24. h4 {[%emt 0:00:55]} Bh6 {[%emt 0:00:11]} 25. Kg2 {[%emt 0:03:07]} Rad8 {[%emt 0:01:58]} 26. Qf6 {[%emt 0:06:48]} Rfe8 {[%emt 0:00:02]} 27. Qxe7 Rxe7 28. d6 {[%emt 0:01:48]} Rxd6 {[%emt 0:02:20]} 29. Nd5 {[%emt 0:00:06]} Ree6 {[%emt 0:00:05]} 30. Nxc7 {[%emt 0:03:02]} Rd2+ 31. Rf2 {[%emt 0:00:01]} Rxf2+ {[%emt 0:01:04]} 32. Kxf2 Rc6 {[%emt 0:00:08]} 33. Nd5 {[%emt 0:01:07]} Rxc2+ 34. Re2 {[%emt 0:00:29]} Rxe2+ {[%emt 0:01:00]} 35. Kxe2 {[%emt 0:00:34]} Kf8 {[%emt 0:00:40]} 36. Nf6 Bc1 {[%emt 0:00:10]} 37. b3 {[%emt 0:04:01]} Ke7 {[%emt 0:00:19]} 38. Nd5+ Ke6 39. Kd3 {[%emt 0:01:14]} f5 {[%emt 0:00:45]} 40. a4 {[%emt 0:01:07]} f4 {[%emt 0:02:59]} 41. gxf4 Bxf4 {[%emt 0:00:19]} 42. Nxf4+ {[%emt 0:02:15]} exf4 {[%emt 0:00:07]} 43. Ke2 {[%emt 0:00:03]} Ke5 {[%emt 0:00:13]} 44. Kf3 {[%emt 0:00:03]} a5 {[%emt 0:00:09]} 0-1

[Event "VII Famalicao Open 2019"]
[Site "Famalicao"]
[Date "2019.07.29"]
[Round "3.1"]
[White "Fernandes, Antonio"]
[Black "Grigoryan, Karen H."]
[Result "0-1"]
[WhiteElo "2376"]
[BlackElo "2549"]
[Annotator "TA"]
[PlyCount "110"]
[EventDate "2019.07.28"]
[EventType "swiss"]
[EventCountry "POR"]
[SourceTitle "playchess.com"]
[Source "ChessBase"]
[SourceQuality "1"]

{[%evp 13,110,20,52,35,63,57,50,23,63,73,96,104,131,95,90,85,93,90,90,81,94,71,93,93,92,89,96,89,94,61,89,89,99,68,62,85,116,112,112,114,85,118,100,110,126,0,0,-86,-80,-84,-74,-86,-15,-14,0,-61,-42,-59,0,0,33,0,0,0,0,0,0,0,0,0,44,0,0,0,3,0,11,-80,-68,-71,-58,-83,-68,-39,-52,-141,-125,-393,-166,-397,-406,-398,-396,-389,-411,-489,-392,-391,-380]} 1. Nf3 d6 2. d4 Nf6 3. g3 g6 4. Bg2 Bg7 5. O-O O-O 6. c4 c6 7. Nc3 Qb6 8. Re1 {E62: King's Indian: Fianchetto: 6...c6 and Panno Variation (6...Nc6) without ...a6} Bf5 $146 ({Predecessor:} 8... Bg4 9. h3 Bxf3 10. Bxf3 Nfd7 11. e3 Na6 12. Rb1 e5 13. b4 exd4 14. Na4 Qc7 15. exd4 Rae8 16. Rxe8 Rxe8 {½-½ (41) Dziuba,M (2574)-Perske,T (2448) Germany 2018}) 9. e4 Bg4 10. Rb1 {White is slightly better.} c5 11. d5 Nfd7 12. Qc2 e5 13. Nd2 Nf6 14. Nf1 Bd7 15. Ne3 Ng4 16. a3 Na6 17. f3 Nh6 18. g4 f6 19. Bf1 Nf7 20. Bd3 Bh6 21. Ne2 Bf4 22. Kg2 Qd8 23. b4 cxb4 24. axb4 Qb6 {[#]} 25. c5 $1 {[%mdl 512]} dxc5 26. bxc5 Qxc5 27. Nxf4 exf4 28. Bxa6 $1 ({Much worse is} 28. Rxb7 Qxc2+ 29. Bxc2 Ne5 $15) 28... Qa5 29. Bd2 ({Only move:} 29. Bxb7 $16 Qxe1 30. Nc4 (30. Bxa8 Ba4 $14)) 29... Qxa6 $11 30. Nf1 (30. Ra1 $11 fxe3 31. Rxa6 exd2 32. Qxd2 bxa6 33. Qd4) 30... Rfc8 $17 31. Qb2 Ne5 {Strongly threatening ...Qd3.} 32. Qxb7 Qd3 (32... Qxb7 $17 33. Rxb7 g5) 33. Rb3 $11 Qc2 34. Rb2 ({White should play} 34. Rc1 $11 Qa2 35. Rcc3) 34... Qa4 $1 $15 35. Rb4 Qc2 (35... Qa3 $1 $15 36. Rb3 Qf8) 36. Rb2 $1 $11 {[%cal Rb2c2]} Qc5 {With the idea ...Nd3!} 37. Bxf4 (37. Rc1 $5 {[%cal Rc1c5]} Qa3 38. Rb3 $14) 37... Nd3 $1 {[%csl LRb2,LRe1,LRf4][%mdl 64] Double Attack} 38. Bg3 Nxb2 39. Qxd7 {Hoping for Qe6+.} Re8 40. Re2 Nd3 41. Ne3 Ne5 42. Bxe5 fxe5 43. Rc2 Qe7 (43... Qxe3 $5 44. Rc7 $8 Qe2+ 45. Kg3 Qe1+ 46. Kh3 Qf1+ {[%mdl 64] Double Attack} 47. Kg3 Qg1+ 48. Kh3 Qf1+ {[%mdl 64] Double Attack} 49. Kg3 Qg1+ 50. Kh3 Qf1+ $11 {[%mdl 64] Double Attack}) 44. Qc6 Qg5 45. Kf2 (45. Qc5 $11) 45... Qf4 $17 {Threatens to win with ...Rf8!} 46. Ng2 $1 {[%cal Rg2f4]} Qf7 $36 {[%mdl 2048] Black is more active.} 47. g5 Rf8 48. Rc3 $1 a5 {[%cal Ba7a5,Ba5a4][%mdl 32]} 49. Qd6 {[#]} (49. h4 $1 $15) 49... a4 $1 {...Qa7+ is the strong threat.} 50. Ne1 $2 {[%mdl 8192]} (50. Qa3 $17) 50... Ra7 (50... Qa7+ $142 51. Kg2 a3) 51. Ra3 $2 (51. Ng2) 51... Qf4 $1 $19 {[%csl LRe4,LRg5,LRh2][%mdl 64] Double Attack} 52. Qe6+ Kh8 53. d6 Qxg5 54. d7 {and the idea Nd3 leaves White hopeful.} Qd2+ 55. Kf1 Qxd7 {Accuracy: White = 41%, Black = 58%.} 0-1